Premier League Appearances by Nationality: Norway - Statistics

General Stats
  • This quiz has been taken 25 times
  • The average score is 4 of 10
Answer Stats
Appearances Player % Correct
181 Alf-Inge Haaland
95%
321 John Arne Riise
67%
235 Ole Gunnar Solskjaer
57%
275 Henning Berg
38%
224 Joshua King
33%
238 Brede Hangeland
29%
260 Morten Gamst Pedersen
24%
290 Claus Lundekvam
19%
184 Gunnar Halle
10%
186 Oyvind Leonhardsen
10%
No matching quizzes found
Score Distribution
Percent of People with Each Score
Percentile by Number Answered
Your Score History
You have not taken this quiz